Convenios sobre Fondo Monetario Internacional, Banco Internacional de Reconstrucción y Fomento, Corporación Financiera Internacional, Asociación Internacional de Fomento, Banco Interamericano de Desarrollo

Gespeichert in:
Bibliographische Detailangaben
Körperschaft: Ministerio de Relaciones Exteriores (VerfasserIn)
Format: Buch
Sprache:Spanisch
Veröffentlicht: Santiago Ministerio de Relaciones Exteriores 1945
Schriftenreihe:Documentos Internacionales, 2
Schlagworte:
Tags: Tag hinzufügen
Keine Tags, Fügen Sie den ersten Tag hinzu!

MARC

LEADER 00000nam a2200000 a 4500
001 UCT8710
003 CL-VaPUC
008 970326e19450000CL |||||||||||||||||spa|d
082 0 4 |a 332.153  |b MIN  |2 21 
110 2 |a Ministerio de Relaciones Exteriores  |e author  |9 380661 
245 1 0 |a Convenios sobre Fondo Monetario Internacional, Banco Internacional de Reconstrucción y Fomento, Corporación Financiera Internacional, Asociación Internacional de Fomento, Banco Interamericano de Desarrollo 
300 |a 157 p 
942 |c BK 
945 |d 19970326 00:00:00  |a paguirre 
260 |a Santiago  |b Ministerio de Relaciones Exteriores  |c 1945 
650 0 |a Bancos  |9 254963 
650 7 |a INSTITUCIONES FINANCIERAS  |2 CL-VaPUC  |9 257940 
650 7 |a CONVENIOS  |2 CL-VaPUC  |9 380662 
650 0 |a Acuerdos  |9 367387 
650 0 |a Dinero  |9 314331 
650 0 |a Moneda  |9 342365 
650 0 |a Capital   |9 263726 
583 |a last modification  |c 19970326 00:00:00  |k Rodrigo Vera 
490 0 |a Documentos Internacionales, 2 
999 |c 257196  |d 257194 
952 |0 0  |1 0  |4 0  |6 332_153000000000000_MIN_1945  |7 0  |8 P  |9 280473  |a BIBDER  |b BIBDER  |d 2019-11-19  |i 1815687  |o 332.153 MIN 1945  |p 1815687  |r 2023-01-25  |w 2019-11-19  |y BK  |k DER